<?xml version="1.0" encoding="UTF-8"?><?xml-stylesheet type="text/xsl" href="static/style.xsl"?><OAI-PMH xmlns="http://www.openarchives.org/OAI/2.0/" xmlns:xsi="http://www.w3.org/2001/XMLSchema-instance" xsi:schemaLocation="http://www.openarchives.org/OAI/2.0/ http://www.openarchives.org/OAI/2.0/OAI-PMH.xsd"><responseDate>2026-06-05T12:54:39Z</responseDate><request verb="GetRecord" identifier="oai:riuma.uma.es:10630/36016" metadataPrefix="marc">https://riuma.uma.es/rest/oai/request</request><GetRecord><record><header><identifier>oai:riuma.uma.es:10630/36016</identifier><datestamp>2026-02-03T11:49:46Z</datestamp><setSpec>com_10630_2254</setSpec><setSpec>col_10630_37959</setSpec></header><metadata><record xmlns="http://www.loc.gov/MARC21/slim" xmlns:dcterms="http://purl.org/dc/terms/" xmlns:doc="http://www.lyncode.com/xoai" xmlns:xsi="http://www.w3.org/2001/XMLSchema-instance" xsi:schemaLocation="http://www.loc.gov/MARC21/slim http://www.loc.gov/standards/marcxml/schema/MARC21slim.xsd">
   <leader>00925njm 22002777a 4500</leader>
   <datafield ind2=" " ind1=" " tag="042">
      <subfield code="a">dc</subfield>
   </datafield>
   <datafield ind2=" " ind1=" " tag="720">
      <subfield code="a">Díaz Bravo, Rocío</subfield>
      <subfield code="e">author</subfield>
   </datafield>
   <datafield ind2=" " ind1=" " tag="720">
      <subfield code="a">Pastor Torres, Andrea</subfield>
      <subfield code="e">author</subfield>
   </datafield>
   <datafield ind2=" " ind1=" " tag="260">
      <subfield code="c">2024</subfield>
   </datafield>
   <datafield ind2=" " ind1=" " tag="520">
      <subfield code="a">Un grupo de docentes de la Asociación para la Enseñanza del Español en Educación Superior en el Reino Unido (ELEUK) conformó en 2021 un equipo de trabajo —constituido más adelante como Special Interest Group (SIG-Des-ELEUK)— destinado a reflexionar de manera colectiva sobre el significado del término descolonización y su impacto en la enseñanza del español.&#xd;
En esta comunicación, revisaremos brevemente las reflexiones de esta comunidad de práctica sobre la necesidad de establecer la posicionalidad en los procesos de descolonización, de llevar a cabo un examen crítico de las prácticas docentes, de descubrir las ideologías que las sustentan y de visibilizar las ausencias de los contextos del español.&#xd;
Asimismo, compartiremos las primeras producciones colectivas de nuestro grupo, centrándonos en los primeros materiales didácticos diseñados a partir de los criterios establecidos por el SIG- Des-ELEUK. Se trata de dos unidades didácticas que visibilizan artistas racializadas ausentes en los programas de enseñanza del español: Quan Zhou, novelista gráfica autora de Gazpacho Agridulce y Renata Flores, cantante que reivindica la lengua y cultura quechua con su música. Ambas unidades didácticas constituyen una muestra representativa de nuestra mirada descolonizadora.</subfield>
   </datafield>
   <datafield ind1="8" ind2=" " tag="024">
      <subfield code="a">https://hdl.handle.net/10630/36016</subfield>
   </datafield>
   <datafield tag="653" ind2=" " ind1=" ">
      <subfield code="a">Español - Estudio y enseñanza - Estudiantes extranjeros</subfield>
   </datafield>
   <datafield ind2="0" ind1="0" tag="245">
      <subfield code="a">La descolonización de la enseñanza del español: descubrir y visibilizar las ausencias. Dos unidades didácticas: Quan Zhou y Renata Flores.</subfield>
   </datafield>
</record>
</metadata></record></GetRecord></OAI-PMH>